LEADER 01193nam--2200385---450- 001 990000815400203316 005 20091215141715.0 035 $a0081540 035 $aUSA010081540 035 $a(ALEPH)000081540USA01 035 $a0081540 100 $a20011220d1986----km-y0itay0103----ba 101 $aeng 102 $aIT 105 $a||||||||001yy 200 1 $aKnowledge, management, computer$fGianfranco Minati (Soiel international) 210 $aMilano$cIPSOA scuola d'impresa$d1986 215 $a243 p.$cill.$d25 cm 225 2 $aCultura d'impresa$v7 410 $12001$aCultura d'impresa$v7 461 1$1001-------$12001 606 0 $aAziende$xGestione$xAutomazione 676 $a658 700 1$aMINATI,$bGianfranco$034348 801 0$aIT$bsalbc$gISBD 912 $a990000815400203316 951 $aXXX.B. Coll. 68/ 7 (COLL HMY 7)$b64659 EC$cXXX.B. Coll. 68/ 7 (COLL HMY)$d00253690 959 $aBK 969 $aECO 979 $aPATTY$b90$c20011220$lUSA01$h1215 979 $c20020403$lUSA01$h1727 979 $aPATRY$b90$c20040406$lUSA01$h1656 979 $aRSIAV4$b90$c20091215$lUSA01$h1417 996 $aKnowledge, management, computer$9966925 997 $aUNISA LEADER 01486oam 2200301z- 450 001 9910162675103321 005 20230906203136.0 010 $a1-928122-15-9 035 $a(CKB)3710000001044301 035 $a(BIP)055507833 035 $a(Exl-AI)993710000001044301 035 $a(EXLCZ)993710000001044301 100 $a20210505c2014uuuu -u- - 101 0 $aeng 200 10$aSkin 210 $cValley Publishing 215 $a1 online resource (238 p.) $cill 311 08$a1-928122-26-4 330 8 $aA journey of exploration... A journey of healing... A journey of love... Two people are forced by circumstances into a therapy class to help them deal with their problems. They are strangers. Forced to be partners. Naturally opposites. Kane is dealing with anger of betrayal at the deepest level, needing to find his way back to forgiveness. Tania is a previous rape victim hoping to deal with her fear of intimacy so she can have a loving relationship. Tania's medium of expression - her camera. Her subject - the human body - Kane's physical body. Looking through the lens of a camera, she learns to find beauty and compassion...and the strength to find wholeness...with him. 606 $aMental healing$7Generated by AI 606 $aInterpersonal relations$7Generated by AI 615 0$aMental healing 615 0$aInterpersonal relations 700 $aMayer$b Dale$01374017 906 $aBOOK 912 $a9910162675103321 996 $aSkin$93587240 997 $aUNINA